00508 2200205 4500001002100000008004100021035002000062245006800082100001900150250000600169260003200175300001200207084001400219082000800233650001300241990001200254990001200266990001200278990001200290INLIS000000000000700 ind  a0010-0424000676 aSistem Informasi Penjualan Pada Koperasi SekolahcTeguh Pramono aPramono, Teguh a1 aYogyakarta :bSkriptac2015 a106 hlm a600 TEG s a600 aNonfiksi a0721880 a0721881 a0721882 a0721883